The Oxford companion to the book (Registro nro. 180805)

Detalles MARC
000 -ENCABEZADO
Número de control [NR] 00825 a2200229 4500
005 - FECHA Y HORA DE LA ÚLTIMA TRANSACCIÓN
control field 20161109090004.0
008 - DE LONGITUD FIJA DE DATOS DE ELEMENTOS - INFORMACIÓN GENERAL
Elementos de longitud fija [NR] 131007s2010 enka frn 001 0 eng d
020 ## - NUMERO INTERNACIONAL NORMALIZADO PARA LIBROS [R]
Número Internacional Normalizado del libro [NR] 9780198606536
040 ## - FUENTE DE CATALOGACION [NR]
Agencia de catalogación original [NR] CO-BoUCM
Idioma de catalogación [NR] spa
Quien Cataloga
Quien Clasifica
041 00 - CODIGO DE IDIOMA [R]
Código de idioma para texto/pista de sonido o título separado [R] Inglés
245 04 - MENCION DE TITULO [NR]
Título [NR] The Oxford companion to the book
Mención de responsabilidad, etc. [NR] editado por Michael F. Suarez y H.R. Woudhuysen
260 ## - PUBLICACION, DISTRIBUCION, ETC. (PIE DE IMPRENTA) [R]
Fecha de publicación, distribución, etc. [R] 2010
Nombre del editor, distribuidor, etc. [R] Oxford University Press
Lugar de publicación, distribución, etc. [R] Oxford
300 ## - DESCRIPCION FISICA [R]
Extensión [R] 2 volúmenes
Otros detalles físicos [NR] ilustraciones
504 ## - NOTA DE BIBLIOGRAFIA, ETC. [R]
Nota de bibliografía, etc. [NR] Incluye referencias bibliográficas e índices
650 #7 - ASIENTO SECUNDARIO DE MATERIA - TERMINO TEMATICO [R]
Término temático o nombre geográfico como elemento de entrada [NR] Libro
Subdivisión de forma [R] Enciclopedias
9 (RLIN) 47594
650 #7 - ASIENTO SECUNDARIO DE MATERIA - TERMINO TEMATICO [R]
Término temático o nombre geográfico como elemento de entrada [NR] Libro
Subdivisión general [R] Historia
9 (RLIN) 47593
690 ## - ASUNTO AGREGADO LOCAL DE ENTRADA - TÉRMINO TEMÁTICO (OCLC, RLIN)
9 (RLIN) 42748
Acceso temático local Bibliotecología
700 1# - ASIENTO SECUNDARIO - NOMBRE PERSONAL [R]
Nombre personal [NR] Suarez, Michael Felix
Término de relación [R] editor
9 (RLIN) 48442
700 1# - ASIENTO SECUNDARIO - NOMBRE PERSONAL [R]
Nombre personal [NR] Woudhuysen, H. R.
Término de relación [R] editor
9 (RLIN) 48443
942 ## - ELEMENTOS DE ENTRADA AGREGADOS (KOHA)
Tema principal Generalidades
Tipo de ítem principal el descrito en 300a Libro
Edición 1
Parte restante de la signatura top. O982
Sistema de clasificación DEWEY
Clasificación 002
Existencias
Signatura topográfica Código de barras Última vez visto Volúmen / Fascículo Ejemplar Costo de reposición Price effective from Tipo de ítem Perdido Sistema de clasificación Dañado No prestable Tipo de ítem específico Suprimido Ubicación habitual Ubicación actual Localización Fecha de creación Proveedor Forma de adquisición Costo
002 O982 100136923 02/12/2024 V.2 Ej.1 619500.00 23/09/2013 Libro   DEWEY     Libro   Bodega Bodega 5to piso 23/09/2013 15 Compra 309750.00
002 O982 100136924 02/12/2024 V.1 Ej.1   23/09/2013 Libro   DEWEY     Libro   Bodega Bodega 5to piso 23/09/2013   Compra 309750.00